| 000 | 01370nam a2200313 a 4500 | ||
|---|---|---|---|
| 008 | 120416s1995 ||||||||||||||||| || u | ||
| 020 | _a0521484367 | ||
| 050 | _aJK 1411 Hor | ||
| 100 | _aHorn, Murray J | ||
| 245 | 1 | 4 | _aThe political economy of public administration |
| 246 | _ainstitutional choice in the public sector | ||
| 260 |
_aCambridge _bCambridge University Press _c1995 |
||
| 300 | _aix, 263 p. | ||
| 350 | _a0.00 | ||
| 490 | _aPolitical economy of institutions and decisions | ||
| 500 | _aIncludes bibliographical references (p. 241-255) and indexes. | ||
| 650 | _aIndependent regulatory commissions | ||
| 650 | _aTransaction costs | ||
| 650 | _aADMINISTRATION | ||
| 650 | _aEXECUTIVES--DEPARTMENTS | ||
| 650 | _aPUBLIC ADMINISTRATION | ||
| 650 | 0 | _aGOVERNMENT BUSINESS ENTERPRISES | |
| 650 | _aTEXTBOOKS | ||
| 856 | _uhttp://www.loc.gov/catdir/description/cam026/94044897.html | ||
| 856 | _uhttp://www.loc.gov/catdir/toc/cam025/94044897.html | ||
| 856 | _uhttp://www.loc.gov/catdir/samples/cam031/94044897.html | ||
| 995 |
_aANNEX COLLECTION (Main Library) _D0.00 _e728060 _FCBU-MAIN LIBRARY (Kitwe) _H1 _I71.00 _jJK 1411 Hor _M1 _UAVAILABLE _y026106 _ZAnnex Low-Usage Collection |
||
| 995 |
_aANNEX COLLECTION (Main Library) _D0.00 _e728061 _FCBU-MAIN LIBRARY (Kitwe) _H2 _I71.00 _jJK 1411 Hor _M2 _UAVAILABLE _y026404 _ZAnnex Low-Usage Collection |
||
| 999 |
_c82031 _d82031 |
||